000
00260nam a22001097a 4500
008
140529t xxu||||| |||| 00| 0 eng d
020
_a
0-911910-50-6
100
_a
Cynthis M. Kahn
_9
927
245
_a
The Merck Veterinary Manual
300
_a
2712
942
_2
ddc
_c
BK
999
_c
17164
_d
17164